000 00633nam a2200229Ia 4500
003 OSt
005 20221006164724.0
006 a|||||r|||| 00| 0
007 ta
008 221006b |||||||| |||| 00| 0 hin d
024 _a4,044
037 _cTextual
040 _aFML
_cFML
_bhin
041 _2hin
_ahin
082 _aNR44, 3, M3 - ; 1
100 _aGarg Prabhu Lal Ed.
_9678191
245 0 _aSangeet Sagar
_bSanskaran- 10
260 _aHathras
_bSangeet Karyalaya India
_c1983
300 _a314
_ccm.
942 _hNR44, 3, M3 - ; 1
_cTEXL
_2CC
999 _c1118244
_d1118244